000 00364nam a2200121Ia 4500
008 211119s9999||||xx |||||||||||||| ||und||
082 _a894.8124
_bKAL-V
100 _aKalam, A P J Abdul
245 0 _aVidarenda Poomottukal
260 _bD c Books
_a2008
_cKottayam
650 _aMalayalam Literature
_vMalayalam EssaysEconomics
_xPGR-GANDHIAN STUDIES
942 _cBOOK
999 _c112080
_d112080